Remote sensing and the whole world picture show (Record no. 5264)
[ view plain ]
| 000 -LEADER | |
|---|---|
| fixed length control field | 00915cab a2200241 4500 |
| 001 - CONTROL NUMBER | |
| control field | ABS38067 |
| 008 - FIXED-LENGTH DATA ELEMENTS--GENERAL INFORMATION | |
| fixed length control field | 090401t1987 xxu||||| |||| 00| 0 eng d |
| 035 ## - SYSTEM CONTROL NUMBER | |
| System control number | (Sirsi) u8524 |
| 041 ## - LANGUAGE CODE | |
| Language code of text/sound track or separate title | eng |
| 100 ## - MAIN ENTRY--PERSONAL NAME | |
| Personal name | Hunt, G. |
| 245 ## - TITLE STATEMENT | |
| Title | Remote sensing and the whole world picture show |
| 260 ## - PUBLICATION, DISTRIBUTION, ETC. | |
| Date of publication, distribution, etc. | 1987 |
| 350 ## - PRICE (NR) (BK AM CF MU VM SE) [OBSOLETE] | |
| Price | 0 |
| 490 ## - SERIES STATEMENT | |
| Series statement | New Scientist |
| Volume/sequential designation | 115(1547) 20 August 1987, 46-51(6) |
| 520 ## - SUMMARY, ETC. | |
| Summary, etc. | Traces the development of remote sensing from the early 1960s to the present day and describes how this system of viewing the earth from space is being used in metereology, oceanography , geological mapping and exploration and agriculture . Predicts that remote sensing is likely to be increasingly used as part of a geographic information system . |
| 650 ## - SUBJECT ADDED ENTRY--TOPICAL TERM | |
| Topical term or geographic name entry element | GEOLOGY |
| 650 ## - SUBJECT ADDED ENTRY--TOPICAL TERM | |
| Topical term or geographic name entry element | Land use |
| 9 (RLIN) | 6251 |
| 650 ## - SUBJECT ADDED ENTRY--TOPICAL TERM | |
| Topical term or geographic name entry element | LIS |
| 690 ## - LOCAL SUBJECT ADDED ENTRY--TOPICAL TERM (OCLC, RLIN) | |
| Topical term or geographic name as entry element | LAND SURVEYING |
| 700 ## - ADDED ENTRY--PERSONAL NAME | |
| Personal name | Fifield, R. |
| 942 ## - ADDED ENTRY ELEMENTS (KOHA) | |
| Suppress in OPAC | 0 |
| 948 ## - LOCAL PROCESSING INFORMATION (OCLC); SERIES PART DESIGNATOR (RLIN) | |
| c (OCLC) | 04/03/1997 |
| Withdrawn status | Lost status | Source of classification or shelving scheme | Damaged status | Not for loan | Home library | Current library | Shelving location | Date acquired | Total Checkouts | Full call number | Barcode | Date last seen | Copy number | Price effective from | Koha item type |
|---|---|---|---|---|---|---|---|---|---|---|---|---|---|---|---|
| Dewey Decimal Classification | London | London | Journal article | 14/09/1999 | ABS38067 | 8524-1001 | 06/08/2019 | 1 | 06/08/2019 | Journal article |